Music Quiz

Random Music or Artist Quiz

Most Top Ten Hits in Each Year Quiz Stats

 Plays Quiz Updated Nov 27, 2018

Challenge
Share
Tweet
Embed
Score 0/61 Timer 07:00
0 Plays Today
Year Artist(s) % Correct
1966The Beatles, The Lovin' Spoonful, The Rolling Stones & Aretha Franklin
91.2%
1967The Beatles, The Supremes & Aretha Franklin
90.9%
1969Creedence Clearwater Revival, The Beatles & The Temptations
90.5%
1964The Beatles
90.2%
1986Madonna, Janet Jackson, Miami Sound Machine & Billy Ocean
84.3%
1962Chubby Checker, Connie Francis, Elvis Presley, Ray Charles & Dion
83%
1980Michael Jackson & Kenny Rogers
81.7%
1983Michael Jackson
81.6%
1958Elvis Presley & Ricky Nelson
81.1%
1961Brenda Lee & Elvis Presley
81.1%
1956Elvis Presley
81%
1999*NSync, Backstreet Boys, Britney Spears, Mariah Carey, LFO, Jennifer Lopez, Sugar Ray, Ricky Martin, TLC & Whitney Houston
80.8%
1993Janet Jackson, SWV & TLC
77.1%
1990Janet Jackson
75.3%
1994Janet Jackson
75.3%
1985Bruce Springsteen, Madonna & Phil Collins
73.3%
1987Madonna
70.9%
19962Pac, Alanis Morissette, Keith Sweat, George Michael, Celine Dion, LL Cool J, R. Kelly & Toni Braxton
70.7%
1988INXS, George Michael & Whitney Houston
70.6%
1973Carpenters, Elton John, Paul McCartney & Wings, Jim Croce, & Stevie Wonder
64.1%
1975Eagles, John Denver, Linda Ronstadt & Elton John
62.2%
1974Elton John, John Denver, Gladys Knight & The Pips, Paul McCartney & Wings, & Olivia Newton-John
61.6%
1992Mariah Carey, TLC & En Vogue
60.7%
2002Jennifer Lopez & Eminem
59.1%
2000*NSync, Christina Aguilera & Destiny's Child
59%
1991Mariah Carey, C+C Music Factory, Amy Grant, Cathy Dennis, Michael Bolton & Paula Abdul
58.6%
2006Beyoncé
56.7%
2015Taylor Swift
55%
2008Lil Wayne, T.I. & Rihanna
55%
2009Lady Gaga
53.1%
1963Dion; Lesley Gore; Peter, Paul & Mary; & The Beach Boys
49.7%
Year Artist(s) % Correct
1971Aretha Franklin, Marvin Gaye, Three Dog Night & Carpenters
49.6%
2011Lady Gaga
45.4%
1968Aretha Franklin
41.8%
1995TLC
36%
2004Usher & Alicia Keys
33.8%
1981Air Supply, Diana Ross, Neil Diamond, The Police, & Daryl Hall & John Oates
33.6%
2001Destiny's Child
31.1%
1960Connie Francis, Brenda Lee & The Everly Brothers
25.1%
1989Bobby Brown & New Kids on the Block
23%
2013Drake
18.1%
200350 Cent
17.9%
200550 Cent
17.9%
2010Ke$ha
17.9%
1970The Jackson 5
16.7%
1984Cyndi Lauper & Lionel Richie
16.6%
1982Daryl Hall & John Oates
13.9%
1972Al Green
13.3%
1997Spice Girls
12.9%
1998Puff Daddy
12.8%
1977Fleetwood Mac
11.3%
1979Donna Summer
10.9%
2014Ariana Grande
10.5%
2012Flo Rida
10.4%
2016Twenty One Pilots & The Chainsmokers
10%
2007Fergie
8.1%
1957Fats Domino & Pat Boone
6.8%
1978Andy Gibb
5.5%
1965Herman's Hermits
3.4%
1959Frankie Avalon
2.2%
1976Captain & Tennille
1.7%

You're not logged in!

Compare scores with friends on all Sporcle quizzes.
OR
Log In

You Might Also Like...

Show Comments

Extras

Top Quizzes Today


Score Distribution

Your Account Isn't Verified!

In order to create a playlist on Sporcle, you need to verify the email address you used during registration. Go to your Sporcle Settings to finish the process.

Report this User

Report this user for behavior that violates our Community Guidelines.

Details: